00978nam a22002177a 45000010005000000030006000050050017000110080041000280200018000690400029000870820009001161000016001252450051001412600038001923000047002305050007002775200394002845210022006785210018007006500042007188361FISKH20250910151330.0250910b cb ||||| |||| 00| 0 eng d a9780545167338 aFISKHbengcFISKHdFISKH a590  aNelson, May aSwim and snap : bAlligators /cby May Nelson  aNew York : bScholastic, c2009.  a28 pages : bcolor illustrations ; c22 cm aG  aThis nonfiction children’s book introduces young readers to the world of alligators. It explains how they swim, hunt, snap their jaws, and survive in their wetland habitats. With simple text and vivid photographs, the book highlights their physical features, diet, behaviors, and role in nature. It is written to engage early readers with fascinating facts about these powerful reptiles.8 a360 bLexile IG 8 aG bRaz-Plus  aLiving Things vNon-fictionxAnimals